[Event "Marmelopolis op"]
[Site "Marmelopolis"]
[Date "2024.09.08"]
[Round "6"]
[White "Borsato, Ana Carolina Teodor"]
[Black "De Souza, Clayton"]
[Result "1-0"]
[WhiteElo "1892"]
[BlackElo "1817"]
[PlyCount "79"]
[EventDate "2024.09.06"]
[EventType "swiss"]
[EventRounds "6"]
[EventCountry "BRA"]
[SourceTitle "EXT 2025"]
[Source "ChessBase"]
[SourceDate "2024.10.14"]
[SourceVersion "1"]
[SourceVersionDate "2024.10.14"]
[SourceQuality "1"]

1. e4 c5 2. d4 cxd4 3. c3 d3 4. Bxd3 Nc6 5. Nf3 d6 6. 0-0 a6 7. h3 Nf6 8. c4 Bd7 9. Nc3 e6 10. Qe2 Qc7 11. Bg5 Be7 12. Rac1 h6 13. Bf4 e5 14. Be3 Qc8 15. Nd5 Bd8 16. c5 Bxh3 17. gxh3 Qxh3 18. Nh2 h5 19. Qf3 Qe6 20. Bc4 Qd7 21. Qf5 Qxf5 22. exf5 Ne4 23. Bd3 Nxc5 24. Bxc5 dxc5 25. Rxc5 0-0 26. Nf3 Ba5 27. a3 Rad8 28. Be4 Rd7 29. Rd1 Rfd8 30. Rdc1 Rc8 31. Nxe5 Nxe5 32. Rxc8+ Kh7 33. Re8 Nc6 34. b4 Bd8 35. Rd1 Kh6 36. f4 g6 37. fxg6 fxg6 38. Rg8 Rd6 39. Rxg6+ Rxg6+ 40. Bxg6 1-0

[Event "Marmelopolis op"]
[Site "Marmelopolis"]
[Date "2024.09.08"]
[Round "5"]
[White "De Souza, Clayton"]
[Black "Vargas, Goncalo Cintra"]
[Result "0-1"]
[WhiteElo "1817"]
[BlackElo "1995"]
[PlyCount "57"]
[EventDate "2024.09.06"]
[EventType "swiss"]
[EventRounds "6"]
[EventCountry "BRA"]
[SourceTitle "EXT 2025"]
[Source "ChessBase"]
[SourceDate "2024.10.14"]
[SourceVersion "1"]
[SourceVersionDate "2024.10.14"]
[SourceQuality "1"]

1. e4 Nf6 2. e5 Nd5 3. c4 Nb6 4. c5 Nd5 5. Qb3 e6 6. Nc3 Nxc3 7. Qxc3 d6 8. exd6 cxd6 9. cxd6 Nc6 10. a3 Qxd6 11. Nf3 Bd7 12. d4 Rc8 13. Qd3 Be7 14. g3 Bf6 15. Bf4 Qd5 16. Rd1 Nxd4 17. Nxd4 Qxh1 18. Nf5 0-0 19. Bd6 exf5 20. Bxf8 Re8+ 21. Kd2 Rxf8 22. Kc1 Qc6+ 23. Kb1 Be6 24. f4 g6 25. Rc1 Qb6 26. Qb5 Qe3 27. Bg2 Ba2+ 28. Kxa2 Qxc1 29. Qxb7 0-1

[Event "Marmelopolis op"]
[Site "Marmelopolis"]
[Date "2024.09.06"]
[Round "1"]
[White "De Souza, Clayton"]
[Black "Mota, Nataniel Julio Pere"]
[Result "0-1"]
[WhiteElo "1817"]
[BlackElo "1960"]
[PlyCount "130"]
[EventDate "2024.09.06"]
[EventType "swiss"]
[EventRounds "6"]
[EventCountry "BRA"]
[SourceTitle "EXT 2025"]
[Source "ChessBase"]
[SourceDate "2024.10.14"]
[SourceVersion "1"]
[SourceVersionDate "2024.10.14"]
[SourceQuality "1"]

1. e4 e6 2. d4 d5 3. Nc3 Nf6 4. Bg5 Bb4 5. e5 h6 6. Bd2 Bxc3 7. Bxc3 Ne4 8. Bd2 Nxd2 9. Qxd2 c5 10. dxc5 Qc7 11. Qc3 0-0 12. Nf3 Nd7 13. b4 a5 14. a3 b6 15. c6 axb4 16. axb4 Rxa1+ 17. Qxa1 Qxc6 18. Bd3 Bb7 19. 0-0 Qc7 20. Qd4 Nb8 21. b5 Nd7 22. c3 Rc8 23. Rc1 Nc5 24. Bc2 Ne4 25. Bxe4 dxe4 26. Nd2 Rd8 27. Qe3 Qxe5 28. Qxb6 Rxd2 29. Qxb7 e3 30. fxe3 Qxe3+ 31. Kh1 Qxc3 32. Rf1 Rf2 33. Kg1 Rxf1+ 34. Kxf1 Qd3+ 35. Kf2 Qd4+ 36. Ke2 Qg4+ 37. Kf2 Qf4+ 38. Kg1 e5 39. g3 Qe3+ 40. Kg2 Qe2+ 41. Kg1 Qd1+ 42. Kg2 Qc2+ 43. Kg1 e4 44. Qc6 Qd1+ 45. Kg2 Qe2+ 46. Kg1 Kh7 47. b6 e3 48. Qe4+ g6 49. Qf4 Qd1+ 50. Kg2 Qd5+ 51. Qf3 Qe6 52. b7 e2 53. b8Q e1N+ 54. Kf2 Nxf3 55. Kxf3 Qh3 56. Qf4 Qf1+ 57. Ke4 Qxf4+ 58. Kxf4 Kg7 59. Ke5 f6+ 60. Ke6 g5 61. g4 Kg6 62. h3 Kg7 63. Ke7 h5 64. Ke6 hxg4 65. hxg4 Kg6 0-1